Towers With The Same Acronym - EToH Whitelist - Statistics

General Stats
  • This quiz has been taken 3 times
  • The average score is 27 of 118
Answer Stats
Difficulty Acronym Tower % Correct
Extreme ToAE Tower of {Astral Eclipse}
100%
Difficult ToII Tower of {Immense Ire}
100%
Intense ToIS Tower of {Increasing Stress}
100%
Hard ToST Tower of {Sovereign Travelling}
100%
Challenging ToAS Tower of {Angled Scenery}
50%
Remorseless ToAF Tower of {Astral Fusion}
50%
Extreme ToBP Tower of {Blast Power}
50%
Medium ToBM Tower of {Boost Mayhem}
50%
Difficult ToBS Tower of {Bright Serenity}
50%
Remorseless ToCM Tower of {Chaotic Moments}
50%
Remorseless ToCB Tower of {Climactic Beats}
50%
Challenging ToCF Tower of {Conflicting Frontiers}
50%
Hard ToCT Tower of {Cosmic Tides}
50%
Easy ToCD Tower of {Critical Damage}
50%
Challenging ToCE Tower of {Cylindrical Extensions}
50%
Intense ToFU Tower of {Falling Up}
50%
Challenging ToFR Tower of {Flame Restoration}
50%
Intense ToFS Tower of {Flustering Sections}
50%
Terrifying ToFM Tower of {Fractured Memories}
50%
Challenging ToGV Tower of {Galactic Voyage}
50%
Insane ToHR Tower of {Hollow Reformations}
50%
Insane ToIB Tower of {Icy Blizzards}
50%
Insane ToIF Tower of {Inevitable Failure}
50%
Medium ToJ Tower of {Jazz}
50%
Challenging ToLS Tower of {Latest Sensation}
50%
Difficult ToLR Tower of {Lethean Recollection}
50%
Remorseless ToMO Tower of {Massive Overheating}
50%
Remorseless ToMD Tower of {Mechanical Disarray}
50%
Terrifying ToMM Tower of {Micro Management}
50%
Insane ToMB Tower of {Mind Breaking}
50%
Easy ToME Tower of {Motion Evolution}
50%
Extreme ToPB Tower of {Panelling Barricades}
50%
Intenss ToPA Tower of {Perilous Antipode}
50%
Remorseless ToPL Tower of {Power Laws}
50%
Remorseless ToPI Tower of {Prismatic Instability}
50%
Catastrophic ToRT Tower of {Raging Tempest}
50%
Difficult ToRC Tower of {Rock Climbing}
50%
Intense ToSR Tower of {Shadowy Radiance}
50%
Medium ToSL Tower of {Sunshower Lambent}
50%
Intense ToTD Tower of {Tenebrous Depths}
50%
Intense ToTTT Tower of {Traversing The Tropics}
50%
Terrifying ToUA Tower of {Uncanny Agony}
50%
Challenging ToVV Tower of {Valiant Verges}
50%
Medium ToVP Tower of {Various Pressures}
50%
Insane ToVS Tower of {Vivid Sections}
50%
Intense ToWR Tower of {Warranted Retribution}
50%
Challenging ToWS Tower of {White Space}
50%
Terrifying ToWWW Tower of {Wildly Wacky Wonders}
50%
Intense ToY Tower of {Yore}
50%
Remorseless ToAE Tower of {Abundant Exasperation}
0%
Difficult ToAE Tower of {Agile Escalation}
0%
Intense ToAF Tower of {Agile Fanfares}
0%
Challenging ToAF Tower of {Arbitrary Formation}
0%
Remorseless ToAS Tower of {Arduous Simplicity}
0%
Intense ToBP Tower of {Bevelled Progression}
0%
Intense ToBM Tower of {Blossoming Midnight}
0%
Extreme ToBM Tower of {Blueish Monolith}
0%
Intense ToBS Tower of {Burning Sadness}
0%
Remorseless ToCB Tower of {Carved Bisections}
0%
Remorseless ToCD Tower of {Celestial Divination}
0%
Intense ToCE Tower of {Cleaved Escapade}
0%
Terrifying ToCM Tower of {Cliffside Madness}
0%
Challenging ToCB Tower of {Color Break}
0%
Insane ToCB Tower of {Contrasting Boundaries}
0%
Insane ToCT Tower of {Contrasting Themes}
0%
Challenging ToCF Tower of {Cuboid Fever}
0%
Intense ToFH Tower of {Fading Haze}
0%
Intense ToFP Tower of {Fearful Physics}
0%
Intense ToFP Tower of {Fixture Park}
0%
Insane ToFU Tower of {Flattened Uprising}
0%
Intense ToFH Tower of {Fluorescent Haze}
0%
Hard ToFH Tower of {Fly High}
0%
Intense ToFR Tower of {Forced Repulsion}
0%
Intense ToFM Tower of {Fragmented Monochrome}
0%
Remorseless ToFS Tower of {Frameless Suffering}
0%
Challenging ToFR Tower of {Future Radio}
0%
Difficult ToGV Tower of {Gloomy Vacancies}
0%
Insane ToHR Tower of {Hellish Rouge}
0%
Intense ToII Tower of {Immensity Inconvenience}
0%
Challenging ToIB Tower of {Imperfect Balance}
0%
Intense ToIF Tower of {Inclining Floors}
0%
Remorseless ToII Tower of {Increasing Intensity}
0%
Difficult ToIS Tower of {Internal Screaming}
0%
Remorseless ToJ Tower of {Joking}
0%
Remorseless ToLS Tower of {Large Schism}
0%
Challenging ToLR Tower of {Losing Reality}
0%
Intense ToME Tower of {Mechanical Enhancement}
0%
Intense ToMM Tower of {Medial Mayhem}
0%
Extreme ToMB Tower of {Mental Breakdown}
0%
Hard ToMO Tower of {Metamorphosing Obstacles}
0%
Challenging ToMD Tower of {Midnight Decay}
0%
Challenging ToMD Tower of {Multicolored Despair}
0%
Intense ToMD Tower of {Murky Desolation}
0%
Medium ToPB Tower of {Peaceful Bliss}
0%
Remorseless ToPL Tower of {Perplexing Locations}
0%
Catastrophic ToPA Tower of {Pure Ability}
0%
Remorseless ToPI Tower of {Purified Illusions}
0%
Medium ToQR Tower of {Quantum Rhythm}
0%
Intense ToQR Tower of {Quick Reflexes}
0%
Intense ToRC Tower of {Relaxing Cerulean}
0%
Insane ToRT Tower of {Rising Trepidation}
0%
Difficult ToSL Tower of {Sky Laboratories}
0%
Extreme ToSR Tower of {Somber Regression}
0%
Extreme ToSR Tower of {Spatial Ruins}
0%
Difficult ToST Tower of {Spinning Terror}
0%
Intense ToSR Tower of {Stereotypical Reluctance}
0%
Remorseless ToSL Tower of {Swirling Lucidity}
0%
Intense ToTTT Tower of {Triadic Transformative Trouble}
0%
Remorseless ToTD Tower of {Trigonal Descent}
0%
Remorseless ToUA Tower of {Upwards Adventures}
0%
Insane ToVP Tower of {Vague Perceptions}
0%
Intense ToVV Tower of {Vile Volatility}
0%
Intense ToVS Tower of {Vitalizing Solemnity}
0%
Medium ToWS Tower of {Walking Simulator}
0%
Difficult ToWR Tower of {Wavy Ripples}
0%
Challenging ToWWW Tower of {Word1 Word2 Word3}
0%
Intense ToY Tower of {Yaff}
0%
Remorseless ToY Tower of {Yech}
0%
No matching quizzes found
Score Distribution
Percent of People with Each Score
Percentile by Number Answered
Your Score History
You have not taken this quiz